000 00464nam a2200193Ia 4500
005 20250603145519.0
008 250603s9999 xx 000 0 und d
020 _a9780323084987
050 _aRM301.12 .M67/
100 _aMoscou, Kathy
245 0 _aPharmacology for pharmacy technicians
250 _a2nd. ed.
260 _aSt. Louis, Mo.
260 _bElsevier/Mosby,
260 _c2013
300 _a249 p
650 _aSt. Louis, Mo.
942 _cBK
999 _c42078
_d42078